Central Library OPAC University of Rajshahi

A manual of applied chemistry for engineers / (Record no. 16936)

MARC details
000 -LEADER
fixed length control field 00676nam a22002292 4500
001 - CONTROL NUMBER
control field 16936
003 - CONTROL NUMBER IDENTIFIER
rucl marc code BD-RjUL
005 - DATE AND TIME OF LATEST TRANSACTION
control field 20211209000052.0
008 - FIXED-LENGTH DATA ELEMENTS--GENERAL INFORMATION
fixed length control field 140215s1965 enka 001 0 eng d
035 ## - SYSTEM CONTROL NUMBER
System control number (BD-RjUL)16992
040 ## - CATALOGING SOURCE
Original cataloging agency IFA
Transcribing agency IFA
Modifying agency UKM
-- EQO
-- BD-RjUL
Language of cataloging eng
041 ## - LANGUAGE CODE
Language code of text/sound track or separate title eng
082 ## - DEWEY DECIMAL CLASSIFICATION NUMBER
Classification number 660.28
Author mark and year BUM
100 1# - MAIN ENTRY--PERSONAL NAME
Personal name Buttler, F. G.
9 (RLIN) 52268
245 12 - TITLE STATEMENT
Title A manual of applied chemistry for engineers /
Statement of responsibility, etc. F. G. Buttler and G. R. Cowie.
260 ## - PUBLICATION, DISTRIBUTION, ETC. (IMPRINT)
Place of publication, distribution, etc. Edinburgh ;
-- London :
Name of publisher, distributor, etc. Oliver & Boyd,
Date of publication, distribution, etc. c1965.
300 ## - PHYSICAL DESCRIPTION
Pagination 238 p. :
Illustrations ill. ;
Size 22 cm.
504 ## - BIBLIOGRAPHY, ETC. NOTE
Bibliography, etc Includes index.
650 #0 - SUBJECT ADDED ENTRY--TOPICAL TERM
Topical term or geographic name as entry element Chemistry, Technical.
9 (RLIN) 52269
700 1# - ADDED ENTRY--PERSONAL NAME
Personal name Cowie, G. R.
942 ## - ADDED ENTRY ELEMENTS (KOHA)
Source of classification or shelving scheme Dewey Decimal Classification
Koha item type Books
Holdings
Lost status Source of classification or shelving scheme Damaged status Not for loan Collection code Permanent Location Current Location Shelving location Date acquired Source of acquisition Cost, normal purchase price Total Checkouts Full call number Date last seen Copy number Koha item type
  Dewey Decimal Classification   Not For Loan Non-fiction Central Library, University of Rajshahi Central Library, University of Rajshahi Reading Room 14/07/1976 Bangladesh conti. Age. 0.00   660.28 BUM 1965 15/02/2014 C-1 Books